00600nam a2200145Ia 4500008004100000050002400041100002200065245009300087260008600180300002800266521002700294942000700321999001900328952010700347140724s9999 xx 000 0 und d aTK 3001b.N753 2012 aNobleza, Natasha. aAutomated reservation and billing system of Severina Travel Services /cNatasha Nobleza. aLas Piñas, Philippines :bSouthville International School and Colleges,cc2012. a87 p. :bill. ;c28 cm. aInformation Technology cTH c228823d228823 001040aCLbCLcTHESESd2014-07-24l0oTK 3001 .N753 2012pT0177r2018-05-15 00:00:00w2014-07-24yTH